000 00606cam a2200205 4500500
005 20260405003008.0
041 _afre
042 _adc
100 1 0 _aEnjalbert, Cédric
_eauthor
245 0 0 _aPerriand, c’est fou !
260 _c2019.
500 _a41
690 _aCharlotte Perriand
690 _aDesign
690 _aExposition
690 _aFondation Louis-Vuitton
690 _aFormes
786 0 _nPhilosophie magazine | 134 | 11 | 2019-11-01 | p. 68-69 | 1951-1787
856 4 1 _uhttps://shs.cairn.info/magazine-philosophie-magazine-2019-11-page-68?lang=fr&redirect-ssocas=7080
999 _c2063325
_d2063325